The shaping of the American tradition / (Record no. 27935)
[ view plain ]
| 000 -LEADER | |
|---|---|
| fixed length control field | 00912cam a22002771 4500 |
| 001 - CONTROL NUMBER | |
| control field | 27935 |
| 003 - CONTROL NUMBER IDENTIFIER | |
| rucl marc code | BD-RjUL |
| 005 - DATE AND TIME OF LATEST TRANSACTION | |
| control field | 20211209051223.0 |
| 008 - FIXED-LENGTH DATA ELEMENTS--GENERAL INFORMATION | |
| fixed length control field | 140329s1947 nyu 001 0 eng |
| 035 ## - SYSTEM CONTROL NUMBER | |
| System control number | (BD-RjUL) |
| 040 ## - CATALOGING SOURCE | |
| Original cataloging agency | DLC |
| Transcribing agency | DLC |
| Modifying agency | DLC |
| Language of cataloging | eng |
| 041 ## - LANGUAGE CODE | |
| Language code of text/sound track or separate title | eng |
| 082 00 - DEWEY DECIMAL CLASSIFICATION NUMBER | |
| Classification number | 973 |
| Author mark and year | HAS 1947 |
| 100 1# - MAIN ENTRY--PERSONAL NAME | |
| Personal name | Hacker, Louis M. |
| Fuller form of name | (Louis Morton), |
| Dates associated with a name | 1899-1987. |
| 9 (RLIN) | 8760 |
| 245 14 - TITLE STATEMENT | |
| Title | The shaping of the American tradition / |
| Statement of responsibility, etc. | text by Louis M. Hacker; documents edited by Louis M. Hacker and Helène S. Zahler. |
| 260 ## - PUBLICATION, DISTRIBUTION, ETC. (IMPRINT) | |
| Place of publication, distribution, etc. | New York : |
| Name of publisher, distributor, etc. | Columbia university press, |
| Date of publication, distribution, etc. | 1947. |
| 300 ## - PHYSICAL DESCRIPTION | |
| Pagination | xxiv, 1247 p. ; |
| Size | 26 cm. |
| 504 ## - BIBLIOGRAPHY, ETC. NOTE | |
| Bibliography, etc | Includes index |
| 651 #0 - SUBJECT ADDED ENTRY--GEOGRAPHIC NAME | |
| Geographic name | United States |
| General subdivision | History. |
| 9 (RLIN) | 85682 |
| Geographic name | United States |
| General subdivision | History |
| -- | Sources. |
| 9 (RLIN) | 85683 |
| Geographic name | United States |
| General subdivision | Civilization. |
| 9 (RLIN) | 85684 |
| 700 1# - ADDED ENTRY--PERSONAL NAME | |
| Personal name | Zahler, Helene Sara, |
| Dates associated with a name | 1911- |
| 942 ## - ADDED ENTRY ELEMENTS (KOHA) | |
| Source of classification or shelving scheme | Dewey Decimal Classification |
| Koha item type | Books |
| Lost status | Source of classification or shelving scheme | Damaged status | Not for loan | Collection code | Permanent Location | Current Location | Shelving location | Date acquired | Source of acquisition | Cost, normal purchase price | Total Checkouts | Full call number | Date last seen | Copy number | Koha item type |
|---|---|---|---|---|---|---|---|---|---|---|---|---|---|---|---|
| Dewey Decimal Classification | Added to bundle | Non-fiction | Central Library, University of Rajshahi | Central Library, University of Rajshahi | Reading Room | 26/09/1956 | U.S.I.S Dhaka | 0.00 | 973 HAS 1947 | 29/03/2014 | C-1 | Books |